00352nam a2200133Ia 4500008004100000041000800041082001200049100001600061245004500077260004800122300003100170365001100201440000600212240624s9999 xx 000 0 und d aeng a025 KUM aKUMAR P S G aSTUDENT S MANUAL OF LIBRARY AND INFORMAT c2002aNew DelhibB R Publishing Corporation axii, : 503 : p. : cm. ; 22 cRSb20 v2